Loading...
| History - European | 0 | 2 | 0 | 1 | 20 | 98 | 110.50 | 1 | 2 | 0.00 | 0.00 |
| Fine Arts - Visual | 0 | 2 | 0 | 0 | 20 | 107 | 122.00 | 0 | 2 | 0.00 | 0.00 |
| Other Science: Earth Science | 0 | 2 | 0 | 1 | 20 | 97 | 123.50 | 0 | 2 | 0.00 | 0.00 |
| Other Academic | 0 | 2 | 0 | 1 | 20 | 85 | 109.00 | 0 | 2 | 0.00 | 0.00 |
| Other Arts: Visual | 0 | 2 | 0 | 1 | 20 | 90 | 104.50 | 1 | 2 | 0.00 | 0.00 |
| Literature - American | 0 | 2 | 2 | 1 | 10 | 95 | 100.50 | 1 | 2 | 0.00 | 0.00 |
| 0 | 1 | 0 | 0 | 10 | 96 | 96.00 | 1 | 1 | 0.00 | 0.00 | |
| Chemistry> | 0 | 1 | 0 | 0 | 10 | 152 | 152.00 | 0 | 1 | 0.00 | 0.00 |
| Current Events | 0 | 1 | 0 | 0 | 10 | 124 | 124.00 | 0 | 1 | 0.00 | 0.00 |
| History - American | 0 | 1 | 0 | 0 | 10 | 85 | 85.00 | 0 | 1 | 0.00 | 0.00 |
| History - World | 0 | 1 | 0 | 0 | 10 | 103 | 103.00 | 1 | 1 | 0.00 | 0.00 |
| Social Science | 0 | 1 | 0 | 0 | 10 | 124 | 124.00 | 0 | 1 | 0.00 | 0.00 |
| Beliefs | 0 | 1 | 0 | 1 | 10 | 143 | 143.00 | 1 | 1 | 0.00 | 0.00 |
| Other Science: Math | 0 | 1 | 0 | 1 | 10 | 125 | 125.00 | 0 | 1 | 0.00 | 0.00 |
| Philosophy | 0 | 1 | 0 | 0 | 10 | 138 | 138.00 | 0 | 1 | 0.00 | 0.00 |
| Science - Chemistry | 0 | 1 | 0 | 0 | 10 | 111 | 111.00 | 1 | 1 | 0.00 | 0.00 |
| Other Science: Computer Science | 0 | 0 | 0 | 0 | 0 | 0.00 | 0 | 0 | 0.00 | 0.00 | |
| Fine Arts - Auditory | 0 | 0 | 0 | 0 | 0 | 0.00 | 0 | 0 | 0.00 | 0.00 |